Športová hala v Ružomberku

Na minha lista:
Detalhes bibliográficos
Autor principal: Kereškéni, Matúš, 1988- (Author)
Outros Autores: Sandanus, Jaroslav, 1965- (Thesis advisor)
Formato: Manuscrito Livro
Idioma:eslovaco
Publicado em: Bratislava : STU v Bratislave SvF, 2014
Assuntos:
Acesso em linha:VAIS
Tags: Adicionar Tag
Sem tags, seja o primeiro a adicionar uma tag!

MARC

LEADER 00000ntm a22000003a 4500
001 stu297514
005 20150617230312.0
008 140919s2014----xo------------------slo-d
040 |a STU  |b slo 
041 0 |a slo 
044 |a xo 
100 1 |a Kereškéni, Matúš,  |d 1988-  |4 aut  |u V  |T SvF Stavebná fakulta  |X 57624  |U V  |Y 10  |7 A000057624 
242 0 0 |a Sports hall in Ružomberok  |y eng 
245 1 |a Športová hala v Ružomberku 
260 |a Bratislava :  |b STU v Bratislave SvF,  |c 2014 
650 7 |a Structures of Buildings  |2 estusub 
650 7 |a steel  |2 estusub 
650 7 |a construction  |2 estusub 
650 7 |a timber  |2 estusub 
650 7 |a drevo  |2 stusub 
650 7 |a konštrukcia  |2 stusub 
650 7 |a oceľ  |2 stusub 
700 1 |a Sandanus, Jaroslav,  |d 1965-  |4 ths  |u V190  |U SvF Stavebná fakulta  |T SvF Katedra kovových a drevených konštrukcií  |X 2750  |U V190  |Y 21  |7 A000002750 
856 4 |a info a plný text  |u http://is.stuba.sk/zp/portal_zp.pl?podrobnosti=100711  |3 VAIS